| 000 | 01623nam a2200241Ia 4500 | ||
|---|---|---|---|
| 999 |
_c52860 _d52860 |
||
| 001 | 19890 | ||
| 003 | GE_BSU | ||
| 005 | 20200425181607.0 | ||
| 008 | 181216s2015||||ge |||||||||||||| ||geo|| | ||
| 020 | _a9789941462382 | ||
| 040 | _cGE_BSU | ||
| 041 | _ageo | ||
| 080 | _a632.3/4(479.22) შ-18 | ||
| 100 |
_aშაინიძე, ოთარ _97982 |
||
| 245 |
_aსასოფლო - სამეურნეო ფიტოპათოლოგია / _cოთარ შაინიძე ; რედ. გურამ ალექსიძე. |
||
| 264 |
_aბათუმი : _bბათუმის შოთა რუსთაველის სახელმწ. უნ-ტის გამ-ბა, _c2015. |
||
| 300 |
_a508 გვ. : _bილ. ; _c24 სმ. |
||
| 500 | _aწიგნში განხილულია სასოფლო - სამეურნეო ფიტოპათოლოგია, მასში ფართოდაა განხილული სასოფლო - სამეურნეო კულტურის სხვადასხვა დაავადება, წიგნი შედგენილია სასწავლო პროგრამის მიხედვით და განკუთვნილია აგრარული მიმართულების სტუდენტებისათვის | ||
| 541 | _h22ლ.27თ. | ||
| 653 | _aსოფლის მეურნეობა | ||
| 700 |
_aალექსიძე, გურამ _eრედაქტორი _97983 |
||
| 942 |
_cBK _2udc |
||